Music Quiz

Random Music or Rock Quiz
Score 0/16 Timer 08:00
0 Plays Today
% Correct
The Beatles
97.9%
David Bowie
87.9%
Queen
82.7%
U2
77.2%
AC/DC
68%
Red Hot Chili Peppers
59.3%
Iron Maiden
50.3%
Grateful Dead
47.5%
% Correct
Led Zeppelin
43.9%
Metallica
43.5%
Nirvana
43%
Van Halen
36.7%
Smashing Pumpkins
32.3%
Guns 'N Roses
19.8%
Stone Temple Pilots
18.6%
Foo Fighters
17%
Remove Ads.
Support Sporcle.
Get the best of Sporcle when you Go Orange. This ad-free experience offers more features, more stats, and more fun while also helping to support Sporcle. Thank you for becoming a member.

You're not logged in!

Compare scores with friends on all Sporcle quizzes.
OR
Log In

Show Comments

Extras

Top Quizzes Today


Score Distribution

Your Account Isn't Verified!

In order to create a playlist on Sporcle, you need to verify the email address you used during registration. Go to your Sporcle Settings to finish the process.

Report this User

Report this user for behavior that violates our Community Guidelines.

Details: